000 01758nam a2200397 a 4500
001 34784
003 BD-RjUL
005 20211209052218.0
008 140519s2005 enk b 001 0 eng
020 _a1403911215 (hbk.)
020 _a1403911223 (pbk.)
035 _a(OCoLC)ocm61176921
035 _a(BD-RjUL)34878
040 _aDLC
_cDLC
_dUKM
_dBAKER
_dBWKUK
_dBD-RjUL
_beng
041 _aeng
082 0 0 _a813.54099287
_222
_bWHF 2005
100 1 _aWhelehan, Imelda,
_d1960-
_9105868
245 1 4 _aThe feminist bestseller :
_bfrom Sex and the single girl to Sex and the city /
_cImelda Whelehan.
260 _aBasingstok ;
_aNew York :
_bPalgrave Macmillan,
_c2005.
300 _aviii, 236 p. ;
_c23 cm.
504 _aIncludes bibliographical references (p. 222-231) and index.
650 0 _aFeminist fiction, American
_xHistory and criticism.
_955676
650 0 _aAmerican prose literature
_xWomen authors
_xHistory and criticism.
_9105869
650 0 _aFeminism and literature
_zUnited States
_xHistory
_y20th century.
_955673
650 0 _aWomen
_xBooks and reading
_zUnited States
_xHistory
_y20th century.
_9105870
650 0 _aWomen and literature
_zUnited States
_xHistory
_y20th century.
_9105871
650 0 _aAmerican prose literature
_y20th century
_xHistory and criticism.
_9105872
650 0 _aPopular literature
_zUnited States
_xHistory and criticism.
_9105873
650 0 _aAmerican fiction
_xWomen authors
_xHistory and criticism.
_955675
650 0 _aAmerican fiction
_y20th century
_xHistory and criticism.
_952286
650 0 _aBest sellers
_zUnited States
_xHistory
_y20th century.
_9105874
650 0 _aFeminism
_zUnited States
_xHistory
_y20th century.
_9105875
942 _2ddc
_cBK
999 _c34784
_d34784